| 000 | 00336nam a2200133Ia 4500 | ||
|---|---|---|---|
| 008 | 210210b1999 xxu||||| |||| 00| 0 eng d | ||
| 082 | _a150 MANI | ||
| 100 | _aMANGAL (S K) | ||
| 245 | _aIntroduction to psychology. | ||
| 260 |
_aND _bSterling Publishers Pvt. Ltd. _c1999 |
||
| 300 | _aix,221 | ||
| 690 | _aPsychology | ||
| 906 | _a055284 | ||
| 999 |
_c103214 _d103214 |
||